Mujeres en el tercer salón de baile / (Record no. 190778)

MARC details
000 -LEADER
campo de control de longitud fija 01193nam a2200253 i 4500
001 - NÚMERO DE CONTROL
campo de control 190778
003 - IDENTIFICADOR DE NÚMERO DE CONTROL
campo de control ES-MaACL
005 - FECHA Y HORA DE LA ÚLTIMA TRANSACCIÓN
campo de control 20240201145332.0
008 - DATOS DE LONGITUD FIJA--INFORMACIÓN GENERAL
campo de control de longitud fija 220704s2021 sp 001 0cspa d
020 ## - NÚMERO INTERNACIONAL ESTÁNDAR DEL LIBRO
Número Internacional Estándar del Libro 9798541803815
245 00 - MENCIÓN DEL TÍTULO
Título Mujeres en el tercer salón de baile /
Mención de responsabilidad, etc. [María Amalia Rubio (coordinadora) ; presentación, Carmen Calvo Poyato ; prólogo, Consuelo Meza Márquez].
260 ## - PUBLICACIÓN, DISTRIBUCIÓN, ETC.
Lugar de publicación, distribución, etc. [Sevilla] :
Nombre del editor, distribuidor, etc. Hilos de Emociones,
Fecha de publicación, distribución, etc. [ca. 2021] (
Lugar de fabricación/manufactura Poland :
Fabricante Amazon Fulfillment])
300 ## - DESCRIPCIÓN FÍSICA
Extensión 289 p. ;
Dimensiones 21 cm.
504 ## - NOTA DE BIBLIOGRAFÍA, ETC.
Nota de bibliografía, etc. Bibliografía: p. 283-287.
505 8# - NOTA DE CONTENIDO CON FORMATO
Nota de contenido con formato Contiene: Testimonios. Carmen Porro Moriz . Maite Pacheco Mateo-Sagasta . María Sáinz Martín . Mirian García García . Ángeles Heras . Lucía Parcet Romero . Nieves Sánchez . Rosario Aguilar Gamarra
650 #4 - PUNTO DE ACCESO ADICIONAL DE MATERIA--TÉRMINO DE MATERIA
Término de materia o nombre geográfico como elemento de entrada Mujeres-
Subdivisión geográfica España-
Subdivisión general Situación social-
Subdivisión cronológica S.XX.
9 (RLIN) 171394
650 #4 - PUNTO DE ACCESO ADICIONAL DE MATERIA--TÉRMINO DE MATERIA
Término de materia o nombre geográfico como elemento de entrada Feminismo-
Subdivisión geográfica España-
Subdivisión cronológica S.XX.
9 (RLIN) 166951
700 1# - ENTRADA AGREGADA--NOMBRE PERSONAL
Nombre de persona Rubio, María Amalia.
9 (RLIN) 174779
700 1# - ENTRADA AGREGADA--NOMBRE PERSONAL
Nombre de persona Calvo, Carmen,
Fechas asociadas al nombre 1957-
9 (RLIN) 175629
700 1# - ENTRADA AGREGADA--NOMBRE PERSONAL
Nombre de persona Meza Márquez, Consuelo.
9 (RLIN) 174780
852 4# - LOCALIZACIÓN
Ubicación ES-MaACL
Número de control de estantería A-14996
itemnumber 197960
Sublocalización o colección R.153355
Ubicación en estantería Depósito 1
Signatura antigua Olim: N-7996
Donativo/Legado Donación: Editorial
942 ## - ELEMENTOS DE ENTRADA SECUNDARIOS (KOHA)
Fuente del sistema de clasificación o colocación Clasificación decimal universal
Holdings
Estatus retirado Estado de pérdida Fuente del sistema de clasificación o colocación Estado de daño No para préstamo Biblioteca de origen Biblioteca actual Ubicación en estantería Fecha de adquisición Fuente de adquisición Total de préstamos Signatura topográfica completa Código de barras Visto por última vez Precio de reemplazo Tipo de ítem Koha
    Clasificación decimal universal     Biblioteca del Ateneo de Madrid Biblioteca del Ateneo de Madrid Depósito 1 04/07/2022 Donación   A-14996 1203047 23/02/2023 23/02/2023 Libro impreso